000 00457nam a2200193Ia 4500
008 170918s9999 xx 000 0 und d
020 _a9780439500708
050 _bM168 2002
100 _aMcMullan, Kate
245 _aI stink! /
245 _cby Kate McMullan and Jim McMullan.
260 _aNew York :
260 _bScholastic,
260 _c2002
300 _aunpaged :
300 _bcolored illustration ;
300 _c21cm.
500 _aBR
999 _c342787
_d342787